highest grossing family movies - Statistics

General Stats
  • This quiz has been taken 12 times
  • The average score is 6 of 15
Answer Stats
year starring gross film % Correct
1993 Robin Williams $493 million Mrs. Doubtfire
83%
1989 Rick Moranis $308 million Honey, I Shrunk the Kids
58%
2000 Robert De Niro $288 million Meet the Parents
58%
1967 Sidney Poitier $405 million Guess Who's Coming to Dinner
50%
1979 Meryl Streep $403 million Kramer vs. Kramer
50%
2004 Ben Stiller $413 million Meet the Fockers
50%
1988 Danny DeVito $260 million Twins
50%
1988 Tom Cruise $405 million Rain Man
42%
1991 Anjelica Huston $253 million The Addams Family
42%
2002 Nia Vardalos $388 million My Big Fat Greek Wedding
33%
1996 Nathan Lane $262 million The Birdcage
33%
1983 Shirley MacLaine $308 million Terms of Endearment
25%
1989 Kirstie Alley $326 million Look Who's Talking
17%
1981 Katharine Hepburn $380 million On Golden Pond
17%
1960 John Mills $504 million Swiss Family Robinson
0%
No matching quizzes found
Score Distribution
Percent of People with Each Score
Percentile by Number Answered
Your Score History
You have not taken this quiz